The noble scholar, jurist, historian


 His Excellency Dr. Abdul Wahhab bin Ibrahim Abu Sulaiman, may Allah have mercy on him.


 He was born in Umm Al-Qura in the year 1356 AH.

تربية النشئ في المنزل والمدرسة والمجتمع / (Record no. 7297)

MARC details
000 -LEADER
fixed length control field 01034cam a2200253 i 4500
003 - CONTROL NUMBER IDENTIFIER
control field SA-RiAUC
005 - DATE AND TIME OF LATEST TRANSACTION
control field 20250422061257.0
008 - FIXED-LENGTH DATA ELEMENTS--GENERAL INFORMATION
fixed length control field 250421s1961 ua a g b 000r0 ara c
040 ## - CATALOGING SOURCE
Original cataloging agency SA-AbKKU
Language of cataloging ara
Transcribing agency SA-RiAUC
Description conventions rda
082 04 - DEWEY DECIMAL CLASSIFICATION NUMBER
Classification number 649.1
Assigning agency SA-RiAUC
090 ## - LOCALLY ASSIGNED LC-TYPE CALL NUMBER (OCLC); LOCAL CALL NUMBER (RLIN)
Classification number (OCLC) (R) ; Classification number, CALL (RLIN) (NR) 649.1
Local cutter number (OCLC) ; Book number/undivided call number, CALL (RLIN) ص ب ا
100 1# - MAIN ENTRY--PERSONAL NAME
Personal name صباغ، عبد الرحمن بكر،
Dates associated with a name 1379 هجري-
Relator term مؤلف.
245 10 - TITLE STATEMENT
Title تربية النشئ في المنزل والمدرسة والمجتمع /
Statement of responsibility, etc. تأليف عبد الرحمن بن أبي بكر الصباغ.
264 #1 - PRODUCTION, PUBLICATION, DISTRIBUTION, MANUFACTURE, AND COPYRIGHT NOTICE
Place of production, publication, distribution, manufacture القاهرة :
Name of producer, publisher, distributor, manufacturer دار ممفيس للطباعة،
Date of production, publication, distribution, manufacture, or copyright notice 1961
300 ## - PHYSICAL DESCRIPTION
Extent مجلد :
Other physical details إيضاحيات ؛
Dimensions 20 سم
336 ## - CONTENT TYPE
Content type term نص
Content type code txt
Source rdacontent
Materials specified كتاب
337 ## - MEDIA TYPE
Media type term بدون وسيط
Media type code n
Source rdamedia
338 ## - CARRIER TYPE
Carrier type term مجلد
Carrier type code nc
Source rdacarrier
500 ## - GENERAL NOTE
General note المكتبة يتوافر بها : مجلد 1.
504 ## - BIBLIOGRAPHY, ETC. NOTE
Bibliography, etc. note يشتمل على ببليوجرافية.
650 #7 - SUBJECT ADDED ENTRY--TOPICAL TERM
Topical term or geographic name entry element تربية الأطفال
Source of heading or term aucsh
942 ## - ADDED ENTRY ELEMENTS (KOHA)
Source of classification or shelving scheme Dewey Decimal Classification
Koha item type Books
Suppress in OPAC No
949 ## - LOCAL PROCESSING INFORMATION (OCLC)
a SA-JeALM
d 250421
u mohamedma123
n 1
Holdings
Withdrawn status Lost status Source of classification or shelving scheme Materials specified (bound volume or other part) Damaged status Not for loan Home library Current library Date acquired Total checkouts Full call number Barcode Date last seen Price effective from Koha item type
    Dewey Decimal Classification الجزء الثاني     DR AbdElwahab Library DR AbdElwahab Library 04/22/2025   649.1 ص ب ا 000012094 04/22/2025 04/22/2025 Books